The bird of truth / (Record no. 7570)

MARC details
000 -LEADER
fixed length control field 00761nam a22002777a 4500
001 - CONTROL NUMBER
control field 7570
003 - CONTROL NUMBER IDENTIFIER
control field FISKH
005 - DATE AND TIME OF LATEST TRANSACTION
control field 20250724104527.0
008 - FIXED-LENGTH DATA ELEMENTS--GENERAL INFORMATION
fixed length control field 250724b cb ||||| |||| 00| 0 eng d
020 ## - INTERNATIONAL STANDARD BOOK NUMBER
International Standard Book Number 9788956353920
040 ## - CATALOGING SOURCE
Original cataloging agency FISKH
Language of cataloging eng
Transcribing agency FISKH
Modifying agency FISKH
050 ## - LIBRARY OF CONGRESS CALL NUMBER
Classification number PZ7
082 ## - DEWEY DECIMAL CLASSIFICATION NUMBER
Classification number 590
100 ## - MAIN ENTRY--PERSONAL NAME
Personal name Lang , Andrew
245 ## - TITLE STATEMENT
Title The bird of truth /
Statement of responsibility, etc. By Andew Lang
260 ## - PUBLICATION, DISTRIBUTION, ETC.
Place of publication, distribution, etc. Seoul :
Name of publisher, distributor, etc. e-future ,
Date of publication, distribution, etc. 2009.
300 ## - PHYSICAL DESCRIPTION
Extent 26 pages :
Other physical details color illustrations ;
Dimensions 20 cm .
490 ## - SERIES STATEMENT
Series statement My First Classic Readers
Volume/sequential designation Level 3-6
505 ## - FORMATTED CONTENTS NOTE
Formatted contents note F <br/>
521 8# - TARGET AUDIENCE NOTE
Target audience note 350 <br/>
Source Lexile estimate <br/>
521 8# - TARGET AUDIENCE NOTE
Target audience note F <br/>
Source Raz-Plus <br/> <br/>
700 ## - ADDED ENTRY--PERSONAL NAME
Personal name Wilburn, Jason
Relator term Illustrator
700 ## - ADDED ENTRY--PERSONAL NAME
Personal name Bosiak, Ian
Relator term Illustrator
942 ## - ADDED ENTRY ELEMENTS (KOHA)
Source of classification or shelving scheme Dewey Decimal Classification
Koha item type Books
Suppress in OPAC No
Holdings
Withdrawn status Lost status Source of classification or shelving scheme Damaged status Not for loan Collection Home library Current library Shelving location Date acquired Total Checkouts Full call number Barcode Date last seen Date last checked out Price effective from Koha item type
    Dewey Decimal Classification     Juvenile Fiction Footprints International School Library Network Toul Tom Poung Campus Footprints International School Library Network Toul Tom Poung Campus TTP Primary Green Bookshelves 07/24/2025 1 LAN PZ7 590 FISBK072670 04/23/2026 03/26/2026 07/24/2025 Books